Efficiency Resulting from Implementation of Management Systems in Organizations

Efektívnosť vyplývajúca z implementácie systémov riadenia v slovenských organizáciách je pri prieniku na trh veľmi dôležitá a spravidla prináša aj dlhodobé zlepšenia v rôznych oblastiach organizácie. Dotazníkový prieskum v organizáciách pôsobiacich na Slovensku s minimálne jedným implementovaným sys...

Full description

Saved in:
Bibliographic Details
Main Author: Karkalíková, Marta
Other Authors: Krnáčová, Paulína, 1983-, Hlavatý, Ivan, 1978-
Format: Book Chapter
Language:English
Subjects:
Tags: Add Tag
No Tags, Be the first to tag this record!

MARC

LEADER 00000naa a2200000 4500
001 0268252
005 20240502083803.3
041 0 |a eng 
044 |a PL 
245 1 0 |a Efficiency Resulting from Implementation of Management Systems in Organizations  |c Marta Karkalíková, Paulína Krnáčová, Ivan Hlavatý 
520 |a Efektívnosť vyplývajúca z implementácie systémov riadenia v slovenských organizáciách je pri prieniku na trh veľmi dôležitá a spravidla prináša aj dlhodobé zlepšenia v rôznych oblastiach organizácie. Dotazníkový prieskum v organizáciách pôsobiacich na Slovensku s minimálne jedným implementovaným systémom riadenia, kde cieľom bolo zistiť či je implementácia pre organizácie efektívna a zároveň ktoré ukazovatele či faktory ovplyvňujú efektívnosť organizácie. 
610 2 0 |a systémy riadenia 
610 2 0 |a efektívnosť ekonomická 
610 2 0 |a manažment 
610 2 0 |a organizácie 
610 2 0 |a ukazovatele efektívnosti 
610 2 0 |a Slovensko 
100 1 |a Karkalíková, Marta 
700 1 |a Krnáčová, Paulína, 1983- 
700 1 |a Hlavatý, Ivan, 1978-